[Event "Saint Denis op"]
[Site "Saint Denis"]
[Date "2022.10.13"]
[Round "4"]
[White "Cheung, Gerard"]
[Black "Lam Kin Cheung, Youn Ha"]
[Result "1-0"]
[WhiteElo "1199"]
[BlackElo "1199"]
[PlyCount "95"]
[EventDate "2022.10.13"]
[EventType "swiss"]
[EventRounds "9"]
[EventCountry "RUF"]
[SourceTitle "EXT 2024"]
[Source "ChessBase"]
[SourceDate "2023.10.10"]
[SourceVersion "1"]
[SourceVersionDate "2023.10.10"]
[SourceQuality "1"]

1. Nf3 e6 2. b3 d5 3. Bb2 c5 4. c4 Nc6 5. cxd5 Nf6 6. dxc6 Bd6 7. cxb7 Bxb7 8. e3 0-0 9. d4 cxd4 10. Bxd4 Ng4 11. h3 Nh6 12. Be2 Bxf3 13. Bxf3 Nf5 14. Bxa8 Qxa8 15. Nd2 Qxg2 16. Qf3 Qxf3 17. Nxf3 e5 18. Bxa7 Ra8 19. Bb6 Rb8 20. Ba5 Ra8 21. Bd2 Bc5 22. Ke2 e4 23. Ng5 Ra7 24. h4 g6 25. Nxe4 h6 26. h5 gxh5 27. Nxc5 Rc7 28. Nd3 Ng7 29. Rh4 Re7 30. Bc3 f6 31. Bxf6 Rf7 32. Bxg7 Rxg7 33. Rxh5 Kf7 34. Rxh6 Ke7 35. Rah1 Kf8 36. Rh8+ Ke7 37. R1h7 Rxh7 38. Rxh7+ Kf6 39. Rh5 Kg7 40. Re5 Kf6 41. b4 Kg7 42. b5 Kf6 43. b6 Kg7 44. b7 Kg6 45. b8Q Kf7 46. Qd6 Kg8 47. Re7 Kf8 48. Qd8# 1-0

[Event "Saint Denis op"]
[Site "Saint Denis"]
[Date "2022.10.13"]
[Round "7"]
[White "Giraud, Marius"]
[Black "Cheung, Gerard"]
[Result "1/2-1/2"]
[WhiteElo "1063"]
[BlackElo "1199"]
[PlyCount "46"]
[EventDate "2022.10.13"]
[EventType "swiss"]
[EventRounds "9"]
[EventCountry "RUF"]
[SourceTitle "EXT 2024"]
[Source "ChessBase"]
[SourceDate "2023.10.10"]
[SourceVersion "1"]
[SourceVersionDate "2023.10.10"]
[SourceQuality "1"]

1. e4 c5 2. Bc4 e6 3. Nc3 Nc6 4. Nf3 a6 5. a3 b5 6. Ba2 b4 7. axb4 cxb4 8. Ne2 Bc5 9. d3 Qc7 10. Bg5 e5 11. 0-0 Nd4 12. Nfxd4 Bxd4 13. Nxd4 exd4 14. Qf3 d6 15. Rfe1 Ra7 16. Re2 f6 17. Bh4 a5 18. Rae1 g5 19. Bg3 g4 20. Qf4 Ra6 21. Bc4 Rb6 22. Bh4 Qg7 23. g3 h5 1/2-1/2